000 00431nam a2200145 i 4500
001 47203
003 ES-MaACL
005 20230906161524.0
007 t|
008 030404s1954 sp ||||1| spa d
245 0 0 _aConvenio por el cual se revisa y renueva el Convenio Internacional del Trigo.
260 _aMadrid :
_b[s.n.],
_c1954 (
_fDiana Artes Gráficas)
300 _a65 p. ;
_c20 cm.
852 _aES-MaACL
_j1960-F-2
_bR.35842
999 _c47203
_d47203